خريدة القصر وجريدة العصر : (Record no. 29075)
[ view plain ]
| 000 -الفاتح | |
|---|---|
| حقل البيانات ثابتة الطول | 01296nam a22002897a 4500 |
| 003 - محدد رقم الضبط | |
| رقم الضبط | EG-ScBUE |
| 005 - وقت وتاريخ اخر تعامل مع التسجيلة | |
| رقم الضبط | 20210220121232.0 |
| 008 - عناصر البيانات ثابتة الطول - معلومات عامة | |
| حقل البيانات ثابتة الطول | 090715s1951 ua f 000 0 ara d |
| 040 ## - مصدر الفهرسة | |
| وكالة الفهرسة الأصلية | EG-ScBUE |
| لغة الفهرسة | ara |
| قواعد الوصف | rda |
| وكالة النسخ | EG-ScBUE |
| وكالة التعديل | EG-ScBUE |
| 082 04 - رقم تصنيف ديوى العشرى | |
| رقم التصنيف | 892.71009 |
| رقم المادة | ع م ا |
| رقم الطبعة | 22 |
| 100 1# - المدخل الرئيسى - إسم شخصى | |
| 9 (RLIN) | 8030 |
| الإسم الشخصى | عماد الدين الكاتب، محمد بن محمد،، |
| التواريخ المصاحبة للاسم | 519-597 هـ.، |
| الدور | مؤلف. |
| 245 10 - بيان العنوان | |
| العنوان | خريدة القصر وجريدة العصر : |
| بقية العنوان | قسم شعراء مصر / |
| بيان المسئوليه,etc | تأليف العماد الأصبهاني الكاتب ؛ نشره أحمد أمين، شوقي ضيف، إحسان عباس. |
| 264 #1 - النشر، التوزيع | |
| مكان الناشر او الموزع | القاهرة : |
| اسم الناشر او الموزع | لجنة التأليف والترجمة والنشر، |
| تاريخ النشر أو التوزيع | 1951. |
| 300 ## - الوصف المادى | |
| التعداد | 2 مجلد ؛ |
| أبعاد الوعاء | 24 سم |
| 336 ## - نوع المحتوى | |
| source | rdacontent |
| Carrier Type Term | نص |
| Content Type Code | txt |
| 337 ## - نوع الوسيط | |
| source | rdamedia |
| Media Type Term | بدون وسيط |
| Media Type Code | n |
| 338 ## - نوع الحامل أو الناقل | |
| source | rdacarrier |
| Carrier Type Term | مجلد |
| Carrier Type Code | nc |
| 505 00 - تبصرة محتويات-الفهرس | |
| تبصرة المحتويات المصاغة | المجلد الرابع عشر -- المجلد الخامس عشر. |
| 650 #7 - المدخل الاضافى بالموضوع-مصطلح موضوعى | |
| 9 (RLIN) | 8043 |
| مصطلح موضوعي أو اسم جغرافي كعنصر مدخل | الشعر العربي |
| التقسيم الفرعي الشكلي | تاريخ ونقد. |
| مصدر الرأس أو المصطلح | BUEsh |
| 651 ## - المدخل الاضافى بالموضوع - اسم جغرافى | |
| مصدر الرأس أو المصطلح | BUEsh |
| 653 ## - مصطلح تكشيفى غير مقيد | |
| Resource For college | Arabic Literature |
| Arrived date list | February2021 |
| 655 ## - مصطلح تكشيفى-نوع/شكل | |
| التقسيم الفرعي الشكلي | Reading book |
| -- | 34232 |
| 700 1# - المدخل الاضافى - اسم شخصى | |
| الإسم الشخصى | أمين، أحمد، |
| الدور | ناشر. |
| 700 1# - المدخل الاضافى - اسم شخصى | |
| الإسم الشخصى | ضيف، شوقي، |
| التواريخ المصاحبة للاسم | 1910-2005، |
| الدور | ناشر. |
| 700 1# - المدخل الاضافى - اسم شخصى | |
| الإسم الشخصى | عباس، إحسان، |
| الدور | ناشر. |
| 942 ## - عناصر المدخل الإضافي( كوها) | |
| مصدر التصنيف او مخطط الترفيف | Dewey Decimal Classification |
| Koha [default] item type | Book - Borrowing |
| حالة التراجع | حالة الفقد | مصدر التصنيف او خطة الترفيف | حالة تلف | ليس للاعارة | مجموعات كوها | المكان الدائم | المكان الحالي | موقع الترفيف | تاريخ الاكتساب | Source of acquisition | رقم الاستدعاء | الباركود | Date last seen | نوع الوعاء | تبصرة عامة |
|---|---|---|---|---|---|---|---|---|---|---|---|---|---|---|---|
| Dewey Decimal Classification | Baccah | Central Library | Central Library | Second Floor | 20/02/2021 | Purchase | 892.71009 ع م ا | 000017515 | 15/07/2025 | Book - Borrowing | المجلد الرابع عشر | ||||
| Dewey Decimal Classification | Baccah | Central Library | Central Library | Lower Floor | 20/02/2021 | Purchase | 892.71009 ع م ا | 000017516 | 15/07/2025 | Book - Borrowing | المجلد الخامس عشر |